[Event "Rewal op-B 15th"]
[Site "Rewal"]
[Date "2010.08.27"]
[Round "9"]
[White "Mirski, Roman1111"]
[Black "Wojna, Natalia"]
[Result "1-0"]
[WhiteElo "1592"]
[BlackElo "1527"]
[PlyCount "71"]
[EventDate "2010.08.18"]
[EventType "swiss"]
[EventRounds "9"]
[EventCountry "POL"]
[SourceTitle "EXT 2014"]
[Source "ChessBase"]
[SourceDate "2013.11.20"]
[SourceVersion "1"]
[SourceVersionDate "2013.11.20"]
[SourceQuality "1"]

1. e4 c5 2. Nf3 Nc6 3. d4 cxd4 4. Nxd4 Nf6 5. Nc3 e5 6. Ndb5 d6 7. Bg5 a6 8. Na3 b5 9. Nd5 Be7 10. Bxf6 Bxf6 11. c3 Bg5 12. Nc2 0-0 13. a4 bxa4 14. Rxa4 a5 15. b4 Bb7 16. Bc4 Kh8 17. Qd3 axb4 18. Rxa8 Qxa8 19. cxb4 Ne7 20. 0-0 Nxd5 21. Bxd5 Bxd5 22. exd5 Rc8 23. b5 Bd8 24. Nb4 Rc5 25. Nc6 Bb6 26. Qf5 Qf8 27. h4 Rxd5 28. Ra1 h6 29. Qe4 Rc5 30. Ra6 f5 31. Qa4 Rc1+ 32. Kh2 Qf6 33. Rxb6 f4 34. Qa3 Qxh4+ 35. Qh3 Qxf2 36. Rb8+ 1-0

[Event "Rewal op-B 15th"]
[Site "Rewal"]
[Date "2010.08.25"]
[Round "6"]
[White "Prazmowski, Wlodzimierz"]
[Black "Wojna, Natalia"]
[Result "1/2-1/2"]
[WhiteElo "1696"]
[BlackElo "1527"]
[PlyCount "70"]
[EventDate "2010.08.18"]
[EventType "swiss"]
[EventRounds "9"]
[EventCountry "POL"]
[SourceTitle "EXT 2014"]
[Source "ChessBase"]
[SourceDate "2013.11.20"]
[SourceVersion "1"]
[SourceVersionDate "2013.11.20"]
[SourceQuality "1"]

1. d4 d5 2. c4 e6 3. Nc3 Nf6 4. Bg5 Be7 5. e3 0-0 6. Nf3 Nc6 7. Rc1 b6 8. cxd5 Nxd5 9. Nxd5 Bxg5 10. Nxc7 Qxc7 11. Nxg5 Bb7 12. Bb5 Rac8 13. 0-0 Qe7 14. Qh5 h6 15. Nh3 Nb4 16. a3 Nd5 17. Qe2 Qh4 18. Rxc8 Rxc8 19. Ba6 Bxa6 20. Qxa6 Rc2 21. Qb5 Qe4 22. Qb3 Re2 23. f3 Qxe3+ 24. Qxe3 Nxe3 25. Nf4 Rxb2 26. Re1 Nc2 27. Re2 Rb1+ 28. Kf2 Nxd4 29. Rd2 Nc6 30. Rc2 Ne7 31. Rc7 Kf8 32. Rxa7 Rb2+ 33. Kf1 Nf5 34. Ra8+ Ke7 35. Ra7+ Kf8 1/2-1/2

[Event "Rewal op-B 15th"]
[Site "Rewal"]
[Date "2010.08.24"]
[Round "5"]
[White "Wojna, Natalia"]
[Black "Bieniek, Kazimierz"]
[Result "1-0"]
[WhiteElo "1527"]
[BlackElo "1696"]
[PlyCount "59"]
[EventDate "2010.08.18"]
[EventType "swiss"]
[EventRounds "9"]
[EventCountry "POL"]
[SourceTitle "EXT 2014"]
[Source "ChessBase"]
[SourceDate "2013.11.20"]
[SourceVersion "1"]
[SourceVersionDate "2013.11.20"]
[SourceQuality "1"]

1. e4 c5 2. Nf3 Nc6 3. d4 cxd4 4. Nxd4 Qb6 5. Nxc6 bxc6 6. b3 Nf6 7. Bd3 e5 8. Bb2 d6 9. Nd2 Be6 10. 0-0 Be7 11. Kh1 0-0 12. f4 Ng4 13. Qe1 exf4 14. Rxf4 Bg5 15. Rxg4 Bxg4 16. Nc4 Qd8 17. Qg3 Bh5 18. Nxd6 Bg6 19. Rf1 Bh4 20. Qf4 Bg5 21. Qg3 Bh4 22. Qf4 Qg5 23. Bc4 Qxf4 24. Rxf4 Be7 25. Nf5 Bg5 26. Rg4 Rad8 27. h4 Bf6 28. Bxf6 Rd1+ 29. Kh2 h5 30. Rxg6 1-0

[Event "Rewal op-B 15th"]
[Site "Rewal"]
[Date "2010.08.20"]
[Round "2"]
[White "Nun, Grzegorz"]
[Black "Wojna, Natalia"]
[Result "1/2-1/2"]
[WhiteElo "1712"]
[BlackElo "1527"]
[PlyCount "34"]
[EventDate "2010.08.18"]
[EventType "swiss"]
[EventRounds "9"]
[EventCountry "POL"]
[SourceTitle "EXT 2014"]
[Source "ChessBase"]
[SourceDate "2013.11.20"]
[SourceVersion "1"]
[SourceVersionDate "2013.11.20"]
[SourceQuality "1"]

1. e4 c5 2. Nf3 Nc6 3. Bb5 e6 4. Bxc6 bxc6 5. 0-0 Nf6 6. Nc3 Qc7 7. h3 d5 8. d3 Be7 9. e5 Nd7 10. Bf4 0-0 11. Bg3 Rb8 12. Rb1 Ba6 13. Re1 Rb6 14. Qd2 c4 15. dxc4 Bxc4 16. a3 Rfb8 17. b3 Ba6 1/2-1/2

[Event "POL-ch U18 Girls"]
[Site "Chotowa"]
[Date "2009.04.03"]
[Round "9"]
[White "Orlowska, Patrycja"]
[Black "Wojna, Natalia"]
[Result "0-1"]
[WhiteElo "1450"]
[BlackElo "1476"]
[PlyCount "70"]
[EventDate "2009.03.28"]
[EventType "swiss"]
[EventRounds "11"]
[EventCountry "POL"]
[SourceTitle "EXT 2011"]
[Source "ChessBase"]
[SourceDate "2010.11.26"]
[SourceVersion "1"]
[SourceVersionDate "2010.11.26"]
[SourceQuality "1"]

1. e4 c5 2. Nf3 Nc6 3. d4 cxd4 4. Nxd4 Nf6 5. Nc3 e5 6. Nf3 Bb4 7. Bd3 d6 8. h3 0-0 9. 0-0 Bxc3 10. bxc3 d5 11. Qe2 dxe4 12. Bxe4 Nxe4 13. Qxe4 f5 14. Qc4+ Kh8 15. Ng5 Qf6 16. Rd1 h6 17. Nf3 Qe6 18. Qh4 f4 19. Ba3 Rf6 20. Rd6 Qf7 21. Rad1 Rxd6 22. Bxd6 Qf6 23. Qh5 Bf5 24. Re1 Bg6 25. Bxe5 Bxh5 26. Bxf6 gxf6 27. Re4 Bxf3 28. gxf3 Rd8 29. Rxf4 Kg7 30. Rg4+ Kf7 31. h4 h5 32. Rc4 Rd2 33. a4 Rxc2 34. Rc5 Kg6 35. a5 Ra2 0-1

[Event "POL-ch U18 Girls"]
[Site "Chotowa"]
[Date "2009.03.29"]
[Round "2"]
[White "Wojna, Natalia"]
[Black "Makosa, Angelika"]
[Result "1/2-1/2"]
[WhiteElo "1476"]
[BlackElo "1717"]
[PlyCount "87"]
[EventDate "2009.03.28"]
[EventType "swiss"]
[EventRounds "11"]
[EventCountry "POL"]
[SourceTitle "EXT 2011"]
[Source "ChessBase"]
[SourceDate "2010.11.26"]
[SourceVersion "1"]
[SourceVersionDate "2010.11.26"]
[SourceQuality "1"]

1. e4 e5 2. Nf3 Nc6 3. Bb5 Nf6 4. Bxc6 dxc6 5. d3 Bd6 6. 0-0 h6 7. Be3 Be6 8. Nbd2 0-0 9. b3 Nd7 10. Nc4 Qe7 11. Nfd2 f5 12. exf5 Bxf5 13. Qe2 Rf6 14. Ne4 Rg6 15. Ng3 Bg4 16. f3 Be6 17. f4 Bg4 18. Qd2 exf4 19. Bxf4 h5 20. Rae1 Qd8 21. Nxd6 cxd6 22. h3 Bxh3 23. gxh3 h4 24. Kh2 hxg3+ 25. Bxg3 Nf6 26. Qb4 Qd7 27. Bxd6 Ng4+ 28. hxg4 Rxd6 29. Qc4+ Rd5 30. Qe4 Rf8 31. Rxf8+ Kxf8 32. Qe6 Qxe6 33. Rxe6 Rc5 34. c4 Ra5 35. a4 Kf7 36. Re4 Rg5 37. Kg3 Rg6 38. Re5 Rd6 39. Re3 Kf6 40. Kf4 Rd4+ 41. Kg3 Kg5 42. Re5+ Kf6 43. Rf5+ Ke6 44. Rf3 1/2-1/2

[Event "POL-ch U18 Girls"]
[Site "Chotowa"]
[Date "2009.03.28"]
[Round "1"]
[White "Rosiak, Agata"]
[Black "Wojna, Natalia"]
[Result "1-0"]
[WhiteElo "1813"]
[BlackElo "1476"]
[PlyCount "45"]
[EventDate "2009.03.28"]
[EventType "swiss"]
[EventRounds "11"]
[EventCountry "POL"]
[SourceTitle "EXT 2011"]
[Source "ChessBase"]
[SourceDate "2010.11.26"]
[SourceVersion "1"]
[SourceVersionDate "2010.11.26"]
[SourceQuality "1"]

1. d4 Nf6 2. Nf3 g6 3. Bf4 Bg7 4. e3 0-0 5. h3 d6 6. Be2 Nbd7 7. Nbd2 b6 8. 0-0 Bb7 9. c4 Qe8 10. Bh2 e5 11. d5 Nc5 12. Qc2 Qe7 13. b4 Ncd7 14. e4 Nh5 15. Rab1 f5 16. exf5 Rxf5 17. g4 Rxf3 18. Bxf3 Nhf6 19. g5 Nh5 20. Ne4 Rf8 21. Bg4 Nf4 22. Rbe1 Qf7 23. Bxf4 1-0

[Event "Zlota Wieze 50"]
[Site "Pultusk"]
[Date "2008.07.02"]
[Round "4.4"]
[White "Wojna, Natalia"]
[Black "Litwiniec, Miroslawa"]
[Result "0-1"]
[WhiteElo "1455"]
[BlackElo "1806"]
[PlyCount "54"]
[EventDate "2008.06.30"]
[EventType "team"]
[EventRounds "9"]
[EventCountry "POL"]
[SourceTitle "EXT 2020"]
[Source "ChessBase"]
[SourceDate "2019.10.17"]
[SourceVersion "1"]
[SourceVersionDate "2019.10.17"]
[SourceQuality "1"]

1. e4 e5 2. Nf3 Nc6 3. Bb5 a6 4. Ba4 b5 5. Bb3 Bc5 6. c3 d6 7. 0-0 Bg4 8. d4 exd4 9. cxd4 Nxd4 10. Nbd2 Qf6 11. Re1 Ne7 12. e5 dxe5 13. Ne4 Qb6 14. Bxf7+ Kf8 15. Bb3 Rd8 16. Bd2 Nef5 17. Nxc5 Qxc5 18. Rc1 Qd6 19. Bg5 Bxf3 20. gxf3 Qg6 21. f4 exf4 22. Qg4 h6 23. Rxc7 Nxb3 24. Ree7 Qxg5 25. Rf7+ Kg8 26. Qxg5 hxg5 27. Rxf5 Nd4 0-1

[Event "POL-ch U16 Girls"]
[Site "Leba"]
[Date "2007.03.30"]
[Round "9"]
[White "Kowalczyk, Sabina"]
[Black "Wojna, Natalia"]
[Result "1-0"]
[WhiteElo "1701"]
[BlackElo "1539"]
[PlyCount "63"]
[EventDate "2007.03.24"]
[EventType "swiss"]
[EventRounds "11"]
[EventCountry "POL"]
[SourceTitle "EXT 2011"]
[Source "ChessBase"]
[SourceDate "2010.11.26"]
[SourceVersion "1"]
[SourceVersionDate "2010.11.26"]
[SourceQuality "1"]

1. e4 c5 2. Nf3 Nc6 3. Bb5 e5 4. Bxc6 bxc6 5. 0-0 d6 6. h3 g6 7. d3 Bg7 8. Be3 Nf6 9. Nc3 0-0 10. Qd2 Re8 11. Bh6 d5 12. exd5 cxd5 13. Rfe1 Qc7 14. Qg5 e4 15. dxe4 dxe4 16. Nd2 Bb7 17. Nb3 Qe5 18. Nxc5 Bxh6 19. Qxe5 Rxe5 20. Nxb7 Rb8 21. Nd6 Rxb2 22. Nc4 Rxc2 23. Nxe5 Rxc3 24. Red1 Rc2 25. Rd8+ Kg7 26. Ra8 e3 27. fxe3 Bxe3+ 28. Kh1 Bd4 29. Re1 Bc3 30. Rc8 Bxe1 31. Rxc2 Bg3 32. Nc6 1-0

[Event "POL-ch U16 Girls"]
[Site "Leba"]
[Date "2007.03.26"]
[Round "4"]
[White "Ryszkiewicz, Anna"]
[Black "Wojna, Natalia"]
[Result "1-0"]
[WhiteElo "1723"]
[BlackElo "1539"]
[PlyCount "57"]
[EventDate "2007.03.24"]
[EventType "swiss"]
[EventRounds "11"]
[EventCountry "POL"]
[SourceTitle "EXT 2011"]
[Source "ChessBase"]
[SourceDate "2010.11.26"]
[SourceVersion "1"]
[SourceVersionDate "2010.11.26"]
[SourceQuality "1"]

1. e4 c5 2. Nf3 Nc6 3. d4 cxd4 4. Nxd4 Nf6 5. Nc3 e5 6. Ndb5 d6 7. Bg5 a6 8. Na3 b5 9. Nd5 Be7 10. Bxf6 Bxf6 11. c3 Be6 12. Nc2 Bxd5 13. Qxd5 Ne7 14. Qb3 0-0 15. a4 bxa4 16. Rxa4 a5 17. Bc4 Rb8 18. Qa2 Qb6 19. b3 Nc6 20. 0-0 Bh4 21. g3 Bg5 22. Rd1 Be7 23. Bd5 Kh8 24. Ne3 Bg5 25. Nc4 Qxb3 26. Qxb3 Rxb3 27. Bxc6 Rxc3 28. Nxa5 Be7 29. Rc4 1-0

[Event "POL-ch U16 Girls"]
[Site "Leba"]
[Date "2007.03.25"]
[Round "2"]
[White "Piekarska, Anna"]
[Black "Wojna, Natalia"]
[Result "1-0"]
[WhiteElo "1756"]
[BlackElo "1539"]
[PlyCount "63"]
[EventDate "2007.03.24"]
[EventType "swiss"]
[EventRounds "11"]
[EventCountry "POL"]
[SourceTitle "EXT 2011"]
[Source "ChessBase"]
[SourceDate "2010.11.26"]
[SourceVersion "1"]
[SourceVersionDate "2010.11.26"]
[SourceQuality "1"]

1. e4 c5 2. Nf3 Nc6 3. d4 cxd4 4. Nxd4 Nf6 5. Nc3 e5 6. Ndb5 d6 7. Bg5 a6 8. Na3 b5 9. Nd5 Be7 10. Bxf6 Bxf6 11. Be2 0-0 12. c3 Be6 13. Nc2 Bxd5 14. exd5 Ne7 15. Qd3 Ng6 16. g3 Re8 17. Qe4 Bg5 18. h4 Bh6 19. Ne3 Bxe3 20. fxe3 Qb6 21. h5 Ne7 22. g4 Rf8 23. Bd3 f5 24. gxf5 Nxf5 25. Kd2 Rf6 26. Rhf1 Raf8 27. Rf3 g6 28. hxg6 hxg6 29. Qg4 Kg7 30. Rh3 Kf7 31. Rh7+ Ng7 32. Qd7+ 1-0

[Event "POL-ch U16 Girls"]
[Site "Leba"]
[Date "2007.03.24"]
[Round "1"]
[White "Wojna, Natalia"]
[Black "Mierska, Agnieszka"]
[Result "0-1"]
[WhiteElo "1539"]
[BlackElo "1852"]
[PlyCount "94"]
[EventDate "2007.03.24"]
[EventType "swiss"]
[EventRounds "11"]
[EventCountry "POL"]
[SourceTitle "EXT 2011"]
[Source "ChessBase"]
[SourceDate "2010.11.26"]
[SourceVersion "1"]
[SourceVersionDate "2010.11.26"]
[SourceQuality "1"]

1. e4 e6 2. d4 d5 3. Nc3 Nf6 4. Bd3 Bb4 5. Nge2 dxe4 6. Bc4 c5 7. 0-0 cxd4 8. Bb5+ Nc6 9. Qxd4 Qxd4 10. Bxc6+ bxc6 11. Nxd4 Bxc3 12. bxc3 c5 13. Nb3 c4 14. Nd2 e3 15. fxe3 Nd5 16. Ne4 0-0 17. Bd2 Rb8 18. Rab1 Bd7 19. Nc5 Bc6 20. Na6 Rb6 21. Rxb6 axb6 22. Rb1 Ra8 23. Nb4 Nxb4 24. Rxb4 b5 25. Rb2 Rd8 26. Be1 h6 27. Kf2 Rd5 28. Rb1 Rf5+ 29. Kg1 Be4 30. Rb2 h5 31. g3 g5 32. a3 Bc6 33. Rb1 Rf6 34. Bf2 h4 35. Rd1 h3 36. Rd6 Be4 37. Rb6 Rf5 38. Rb8+ Kh7 39. Rd8 Bxc2 40. Rd7 Kg7 41. Kf1 Be4 42. Ra7 Rd5 43. a4 Rd1+ 44. Be1 Ra1 45. a5 Bd3+ 46. Kf2 Ra2+ 47. Kg1 Rg2+ 0-1